000 00982nam a22002417a 4500
999 _c134
_d134
003 AR-CdUCM
008 190221b ||||| |||| 00| 0 spa d
020 _a8420507792
040 _aMUNICIPALIDAD PROVINCIAL DEL CUSCO
_cBIBLIOTECA MUNICIPAL DEL CUSCO
082 _a868.31 /
_bC18
100 _aCalderón de la Barca, Pedro
_9647
245 _aEl gran teatro del mundo /
260 _aMadrid :
_bAlhambra,
_c1981.
300 _a199 páginas ;
_c21 cm.
505 _aContenido: El origen del auto sacramental, ensayo de caracterizaciones -- El auto sacramental en la época de Calderón -- Las fuentes del El Gran teatro del mundo -- un rasgo de estilo como forma simbólica -- Sentido y significado del auto ...
650 _aTeatro español
_9648
650 _aEdad de oro
_9649
650 _ateatro religioso español
_9650
650 _aHistoria crítica
_9605
700 _aYndura, Domingo (estudios preliminares)
_9651
942 _2ddc
_cLIBROS
945 _araen
_d2019-02-21